Statistics for Seriály

Click here to take the quiz!

General Stats

  • This quiz has been taken 4 times
  • The average score is 18 of 108

Answer Stats

HintAnswer% Correct
Joe GoldbergYou
100%
Sheldon CooperBig bang theory
75%
Walter WhiteBreaking Bad
75%
Saul GoodmanBetter call saul
50%
Ahsoka TanoClone Wars
50%
DoctorDoctor Who
50%
JoeyFriends
50%
Petyr BaelishGame of Thrones
50%
Hannibal LecterHannibal
50%
Barney StinsonHow i met your mother
50%
Mr. BeanMr.Bean
50%
Evil MortyRick and Morty
50%
Cheryl BlossomRiverdale
50%
BernsSimpsonovi
50%
MikeStranger Things
50%
Sheldon CooperYoung Sheldon
50%
MarchAmerican Horror Story
25%
Oliver QueenArrow
25%
BatwomanBatwoman
25%
DoakesDexter
25%
HouseDr.House
25%
Barry AllenFlash
25%
Henry MorganForever
25%
CrowleyGood Omens
25%
PenguinGotham
25%
Bill CipherGravity Falls
25%
Brian GriffinGriffinovi
25%
Moritz ZimmermanHow to sell drugs online(fast)
25%
Gabriel Agrestekouzelná beruška a černý kocour
25%
Marty#Martyisdead
25%
Pablo EscobarNarcos
25%
Sergio MarquinaPapírový dům
25%
Michael GrayPeaky Blinders
25%
Benny WattsQueen´s gambit
25%
ThrawnRebels
25%
Sarah JaneSarah Jane Adventures
25%
Jim MoriartySherlock
25%
supergirlSupergirl
25%
Barry AllenThe flash
25%
IrohThe last airbender
25%
Elijah MikaelsonThe originals
25%
Number FiveThe Umbrella Academy
25%
Stefan SalvatoreThe Vampire Diaries
25%
GuvernérThe Walking dead
25%
GuvernérThe Walking Dead
25%
MarigoldThe Witcher
25%
Tyler DownThirteenth reasons why
25%
GreysonTitans
25%
Jack HarknessTorchwood
25%
VisionWandavision
25%
WilliamWestworld
25%
Fabio Santoro30 stříbrných
0%
ErisuAlice in borderland
0%
RogerAmerican dad
0%
Prior WalterAngels in America
0%
Ash WilliamsAsh vs evil dead
0%
VarrickAvatar the legends of korra
0%
BarryBarry
0%
Tobias WhaleBlack Lightning
0%
umělá inteligenceBlack Mirror
0%
Logan RoyBoj o moc
0%
Denver RandlemanBratrstvo neohrožených
0%
Arnold RimmerČervený trpaslík
0%
Fatima ZukićChalífát
0%
Valerij LegasovChernobyl
0%
VladislavCo děláme v temnotách
0%
John ConstantineConstantine
0%
Marcus Lopez ArguelloDeadly class
0%
Reba HartDeník zasloužilé matky
0%
RobotmanDoom patrol
0%
Ed BlumquistFargo
0%
BenderFuturama
0%
Lisa MetzováHackerville
0%
HannahHaunting
0%
Francis J. UnderwoodHouse of Cards
0%
Lyra BelacquaJeho temné esence
0%
KillgraveJessica Jones
0%
JoeyJoey
0%
BrainiacKrypton
0%
SupergirlLegends of tomorrow
0%
Claire LittletonLost
0%
Ahsoka TanoMandalorian
0%
Al-MasihMesiah
0%
Holden FordMindhunter
0%
dr. Wato-sanMiss sherlock
0%
Matt DonovanOdkaz
0%
RahimSex Education
0%
KennySouth park
0%
Charlese LindberghSpiknutí proti americe
0%
StargirlStargirl
0%
SupermanSuperman a lois
0%
Sam WinchesterSupernatural
0%
Swamp ThingSwamp Thing
0%
Jordan EvansTell Me a Story
0%
Martin HartTemný případ
0%
Philip MountbattenThe Crown
0%
JamesThe end of the f***ing world
0%
ZemoThe Falcon and Winter Soldier
0%
MichaelThe Good Place
0%
Everett GallingerThe Knick
0%
Nobusuke TagomiThe Man in the high castle
0%
Bill ComptonTrue Blood
0%
Marie AdlerUnbelievable
0%
Yakov ShapiroUnorthodox
0%
Ragnar LothbrokVikings
0%
CampionVychováni vlky
0%
Dr.ManhattanWatchmen
0%
BodeZámek a klíč
0%

Score Distribution

Percentile by Number Answered

Percent of People with Each Score

Your Score History

You have not taken this quiz